Microelectronic Devices & Circuits/ (Record no. 13782)
[ view plain ]
| 000 -LEADER | |
|---|---|
| fixed length control field | 00721nam a22001937a 4500 |
| 008 - FIXED-LENGTH DATA ELEMENTS--GENERAL INFORMATION | |
| fixed length control field | 100325s2001 ii|||||r|||| 001 0 eng d |
| 020 ## - INTERNATIONAL STANDARD BOOK NUMBER | |
| International Standard Book Number | 812241303X |
| 082 ## - DEWEY DECIMAL CLASSIFICATION NUMBER | |
| Edition number | 22 |
| Classification number | 621.381 |
| Item number | SIN |
| 100 ## - MAIN ENTRY--PERSONAL NAME | |
| 9 (RLIN) | 13119 |
| Personal name | Singh, B. P. |
| 245 ## - TITLE STATEMENT | |
| Title | Microelectronic Devices & Circuits/ |
| Statement of responsibility, etc | B. P. Singh |
| 260 ## - PUBLICATION, DISTRIBUTION, ETC. (IMPRINT) | |
| Place of publication, distribution, etc | New Delhi: |
| Name of publisher, distributor, etc | New Age International, 2001 |
| Date of publication, distribution, etc | 2001 |
| 300 ## - PHYSICAL DESCRIPTION | |
| Extent | 338 p.: |
| Other physical details | ill.; |
| Dimensions | 24 cm. |
| 500 ## - GENERAL NOTE | |
| General note | Includes index |
| 650 ## - SUBJECT ADDED ENTRY--TOPICAL TERM | |
| 9 (RLIN) | 13117 |
| Topical term or geographic name as entry element | Electric circuit analysis. |
| 650 ## - SUBJECT ADDED ENTRY--TOPICAL TERM | |
| 9 (RLIN) | 13118 |
| Topical term or geographic name as entry element | Electric circuits, Nonlinear |
| 650 ## - SUBJECT ADDED ENTRY--TOPICAL TERM | |
| 9 (RLIN) | 13116 |
| Topical term or geographic name as entry element | Microelectronics. |
| 942 ## - ADDED ENTRY ELEMENTS (KOHA) | |
| Source of classification or shelving scheme | Dewey Decimal Classification |
| Item type | Book - Borrowing |
| Withdrawn status | Item status | Source of classification or shelving scheme | Damaged status | Not for loan | Vendor | Home library | Current library | Shelving location | Date acquired | Source of acquisition | Cost, normal purchase price | Serial Enumeration / chronology | Total Checkouts | Full call number | Barcode | Date last seen | Koha item type |
|---|---|---|---|---|---|---|---|---|---|---|---|---|---|---|---|---|---|
| Dewey Decimal Classification | Alahram | Central Library | Central Library | First floor | 25/03/2010 | 64.40 | 29 | 621.381 SIN | 000020341 | 15/07/2025 | Book - Borrowing |